Podpora MSP prostredníctvom siete inkubátorov
História inkubátorov na Slovensku. Mapa inkubátorov na Slovensku v súčasnosti. Charakteristika, typy, služby a ciele inkubátorov. Podpora MSP v SR prostredníctvom inkubátorov.
Na minha lista:
| Autor principal: | |
|---|---|
| Formato: | Capítulo de Livro |
| Idioma: | eslovaco |
| Assuntos: | |
| Tags: |
Sem tags, seja o primeiro a adicionar uma tag!
|
MARC
| LEADER | 00000nla a2200000 4500 | ||
|---|---|---|---|
| 001 | 0180115 | ||
| 005 | 20240522124240.2 | ||
| 041 | 0 | |a slo | |
| 044 | |a SK | ||
| 245 | 1 | 0 | |a Podpora MSP prostredníctvom siete inkubátorov |c Sylvia Bukovová |
| 520 | |a História inkubátorov na Slovensku. Mapa inkubátorov na Slovensku v súčasnosti. Charakteristika, typy, služby a ciele inkubátorov. Podpora MSP v SR prostredníctvom inkubátorov. | ||
| 610 | 2 | 0 | |a inkubátory podnikateľské |
| 610 | 2 | 0 | |a inkubátory technologické |
| 610 | 2 | 0 | |a inkubátory virtuálne |
| 610 | 2 | 0 | |a Slovensko |
| 610 | 2 | 0 | |a podnik malý |
| 610 | 2 | 0 | |a podnik stredný |
| 610 | 2 | 0 | |a podpora podnikania |
| 100 | 1 | |a Bukovová, Sylvia, 1959- | |